01347nam a2200277 a 4500001001000000005001700010008004100027041000800068044000600076084002600082100004500108245009500153260005400248300004200302500013600344500009900480500016300579500003600742500004000778500001500818650005200833650005600885650003400941650004500975740004901020BRCA_236420190320203756.0061108s1905----u--#---###---#000-0#spa-u aspa au a005b.H57c1905 F16051 aCervantes Saavedra, Miguel ded1547-161610aEl Ingenioso Hidalgo Don Quixote de la Manchaccompuesto por Miguel de Cervantes Saavedra. aNueva YorkbThe Hispanic Society of Americac1905 a1 v. (en varias paginaciones)c24 cm. aContenido : Dedicatoria del autor al Duque de Béjar. Prólogo del autor. Versos preliminares. Texto. Tasa. Testimonio de erratas aFacsímil de : El ingenioso hidalgo Don Quixote de la Mancha. Madrid: Juan de la Cuesta, 1605 aFacsímil de la primera parte de la edición príncipe igula al LO-004. Encuadernado en semipiel roja; lomo con florones y filetes dorados Lúdovik Osterc aCon ex-libris de : H. M. Brower aExistencias : Complementa al LO-027 aQMR113 (?)14aNovela españolayÉpoca clásica, 1500-170014aLiteratura españolayÉpoca clásica, 1500-170014aNovela españolaySiglo XVII14aDon Quijote (Personaje ficticio)eNovela0 aEl Ingenioso Hialgo Don Quijote de la Mancha